Wildlife Innovation and Longevity Driver Act : report (to accompany S. 826) (including cost estimate of the Congressional Budget Office).
| Corporate Author: | |
|---|---|
| Format: | Government Document eBook |
| Language: | English |
| Published: |
[Washington, D.C.] :
[U.S. Government Publishing Office],
[2017]
|
| Series: | Report / 115th Congress, 1st session, Senate ;
115-73 |
| Subjects: | |
| Online Access: | PDF version Text version PDF version Text version |
MARC
| Tag | First Indicator | Second Indicator | Subfields |
|---|---|---|---|
| LEADER | 00000cam a2200000 i 4500 | ||
| 001 | in00003837921 | ||
| 005 | 20180129103845.0 | ||
| 006 | m o d f | ||
| 007 | cr bn||||a|||| | ||
| 008 | 170522s2017 dcu ob f000 0 eng c | ||
| 035 | |a (OCoLC)ocn987619605 | ||
| 042 | |a pcc | ||
| 043 | |a n-us--- | ||
| 040 | |a GPO |b eng |e rda |e pn |c GPO |d GPO |d MvI | ||
| 049 | |a WWW | ||
| 050 | 1 | 4 | |a KF31 |b .E58 2017a |
| 074 | |a 1008-G (online) | ||
| 086 | 0 | |a Y 1.1/5:115-73 | |
| 110 | 1 | |a United States. |b Congress. |b Senate. |b Committee on Environment and Public Works, |e author. | |
| 245 | 1 | 0 | |a Wildlife Innovation and Longevity Driver Act : |b report (to accompany S. 826) (including cost estimate of the Congressional Budget Office). |
| 264 | 1 | |a [Washington, D.C.] : |b [U.S. Government Publishing Office], |c [2017] | |
| 300 | |a 1 online resource (19 pages). | ||
| 336 | |a text |b txt |2 rdacontent | ||
| 337 | |a computer |b c |2 rdamedia | ||
| 338 | |a online resource |b cr |2 rdacarrier | ||
| 490 | 1 | |a Report / 115th Congress, 1st session, Senate ; |v 115-73 | |
| 588 | |a Description based on online resource; title from PDF title screen (FDsys, viewed on May 22, 2017). | ||
| 500 | |a "May 17, 2017." | ||
| 504 | |a Includes bibliographical references. | ||
| 650 | 0 | |a Wildlife conservation |x Law and legislation |z United States. | |
| 650 | 0 | |a Introduced organisms |x Law and legislation |z United States. | |
| 650 | 0 | |a Poaching |x Law and legislation |z United States. | |
| 650 | 0 | |a Endangered species |x Law and legislation |z United States. | |
| 610 | 2 | 0 | |a Partners for Fish and Wildlife Program (U.S. Fish and Wildlife Service) |
| 655 | 7 | |a Legislative materials. |2 lcgft | |
| 776 | 0 | 8 | |i Print version: |a United States. Congress. Senate. Committee on Environment and Public Works. |t Wildlife Innovation and Longevity Driver Act |w (OCoLC)987915047 |
| 776 | 0 | 8 | |i Microfiche version: |a United States. Congress. Senate. Committee on Environment and Public Works. |t Wildlife Innovation and Longevity Driver Act |w (OCoLC)1013544998 |
| 810 | 1 | |a United States. |b Congress. |b Senate. |t Report ; |v 115-73. | |
| 856 | 4 | 0 | |3 PDF version |u https://purl.fdlp.gov/GPO/gpo80964 |t 0 |
| 856 | 4 | 0 | |3 Text version |u https://purl.fdlp.gov/GPO/gpo80965 |t 0 |
| 856 | 4 | 0 | |3 PDF version |u http://purl.fdlp.gov/GPO/gpo80964 |t 0 |
| 856 | 4 | 0 | |3 Text version |u http://purl.fdlp.gov/GPO/gpo80965 |t 0 |
| 999 | f | f | |s 339e3659-987a-3ec0-8b3c-ec9e41754f90 |i 3f1fdf3c-0807-394b-a96a-c1de475684d5 |t 0 |
| 952 | f | f | |a Texas A&M University |b College Station |c Electronic Resources |d Available Online |t 0 |e Y 1.1/5:115-73 |h Superintendent of Documents classification |
| 998 | f | f | |a Y 1.1/5:115-73 |t 0 |l Available Online |